LEADER 01679nam 2200409I 450 001 9910705354603321 005 20230905180021.0 035 $a(CKB)5470000002449830 035 $a(OCoLC)971493620 035 $a(OCoLC)995470000002449830 035 $a(EXLCZ)995470000002449830 100 $a20170206j201310 ua 0 101 0 $aeng 135 $aurmn||||||||| 181 $2rdacontent 182 $2rdamedia 183 $2rdacarrier 200 10$aAdvancements in wind integration study data modeling the wind integration national dataset (WIND) toolkit. /$fC. Draxl [and nine others] 210 1$a[Golden, Colo.] :$cNational Renewable Energy Laboratory,$dOctober 2013. 215 $a1 online resource (4 pages) $cmap 225 1 $aNREL/CP ;$v5D00-60269 300 $a"October 2013." 300 $a"To be presented at the 12th International Workshop on the Large-Scale Integration of Wind Power into Power Systems, London, England, October 22 24, 2013." 320 $aIncludes bibliographical references (page [15]). 517 $aAdvancements in wind integration study data modeling the wind integration national dataset 606 $aWind power plants$xComputer simulation 606 $aNumerical weather forecasting 615 0$aWind power plants$xComputer simulation. 615 0$aNumerical weather forecasting. 700 $aDraxl$b Caroline$01393165 712 02$aNational Renewable Energy Laboratory (U.S.), 801 0$bGPO 801 1$bGPO 906 $aBOOK 912 $a9910705354603321 996 $aAdvancements in wind integration study data modeling the wind integration national dataset (WIND) toolkit$93448950 997 $aUNINA LEADER 02517oas 2201093 a 450 001 9910333133103321 005 20251202023711.0 011 $a1878-3570 035 $a(DE-599)ZDB2102813-8 035 $a(DE-599)2102813-8 035 $a(OCoLC)38371891 035 $a(CONSER) 2009233338 035 $a(CKB)954925376872 035 $a(EXLCZ)99954925376872 100 $a19980209b19252011 sy a 101 0 $aeng 135 $aurmnu|||||||| 181 $ctxt$2rdacontent 182 $cc$2rdamedia 183 $acr$2rdacarrier 200 10$aJournal of the American Dietetic Association 210 $aChicago $cAmerican Dietetic Association 300 $aRefereed/Peer-reviewed 311 08$a0002-8223 517 3 $aJ Am Diet Assoc 531 0 $aJ. Am. Diet. Assoc. 606 $aDiet$vPeriodicals 606 $aDiet in disease$vPeriodicals 606 $aDiet 606 $aDietetics 606 $aAlimentation$vPe?riodiques 606 $aRe?gimes alimentaires$vPe?riodiques 606 $aDiet$2fast$3(OCoLC)fst00893284 606 $aDiet in disease$2fast$3(OCoLC)fst00893314 608 $aPeriodical. 608 $aPeriodicals.$2fast 615 0$aDiet 615 0$aDiet in disease 615 2$aDiet. 615 2$aDietetics. 615 6$aAlimentation 615 6$aRe?gimes alimentaires 615 7$aDiet. 615 7$aDiet in disease. 676 $a613.205 712 02$aAmerican Dietetic Association 801 0$bFGA 801 1$bFGA 801 2$bOCL 801 2$bOCLCQ 801 2$bCOU 801 2$bCUS 801 2$bOCLCQ 801 2$bDLC 801 2$bOCLCQ 801 2$bEBV 801 2$bOCLCQ 801 2$bUV0 801 2$bAUD 801 2$bQE2 801 2$bGUA 801 2$bTEF 801 2$bOCLCQ 801 2$bWAU 801 2$bUKMGB 801 2$bAGL 801 2$bOCLCQ 801 2$bOPELS 801 2$bOCLCF 801 2$bCOO 801 2$bOCLCO 801 2$bOCLCQ 801 2$bOCLCO 801 2$bOCLCQ 801 2$bTSC 801 2$bOCLCA 801 2$bBUF 801 2$bAU@ 801 2$bOCLCO 801 2$bWYU 801 2$bU3W 801 2$bVT2 801 2$bOCLCO 801 2$bOCLCQ 801 2$bUEJ 801 2$bOCLCQ 801 2$bIOY 801 2$bOCLCL 801 2$bEZA 801 2$bOCLCQ 906 $aJOURNAL 912 $a9910333133103321 996 $aJournal of the American Dietetic Association$9794252 997 $aUNINA